LEADER 02223nam--2200469---4500 001 990000649890203316 005 20120607133635.0 012 $aseie tati E,E, coV' (3) 1675 (R)$2fei$5SA0186 035 $a0064989 035 $aUSA010064989 035 $a(ALEPH)000064989USA01 035 $a0064989 100 $a20010928d1675----km-y0ENGy0103----ba 101 0 $aita 102 $aIT 140 $aa---a---z--------zzzaa0000-- 141 $a#--z0z#-$5SA0186--------------------------------------------------------------------- 200 1 $a<> cannocchiale aristotelico o sia idea dell'arguta, et ingegnosa elocutione, che serve a tutta l'Arte Oratoria, Lapidaria, et Simbolica esaminata co' principi del divino Aristotele. Settima impressione accresciuta dall'Autore di due nuovi trattati ...$fEmanuele Tesauro 210 $aBologna$cGioseffo Longhi$d1675 215 $a(16), 495, (21)p.$d4° 300 $aFront. incorniciato 300 $aTit. dell'occhietto: Il cannocchiale aristotelico, del conte D. Emanuele Tesauro 307 $aSegnatura: +4 ++4 A-3R4 3S6 316 $aLegatura in pergamena floscia; sul dorso titolo dell'opera manoscritto; tagli spruzzati rosso e verde; 15,5 x 21 cm 316 $aPresenza di numerosi fori di tarlo; la prima c. di guardia anteriore risulta strappata 317 7 $aSulla coperta prove di penna e calcoli; sul front. nota manoscritta cancellata 321 $aSBN 410 $12001 700 1$aTESAURO,$bEmanuele$0154551 801 0$aIT$bsalbc$gISBD 912 $a990000649890203316 951 $aFV.III.B. 67 (FV B 15 3 44)$b980$cFV.III.B. 959 $aBK 969 $aVEN 979 $aPATTY$b90$c20010928$lUSA01$h1512 979 $c20020403$lUSA01$h1714 979 $aPATRY$b90$c20040406$lUSA01$h1645 979 $aINGENITO$b90$c20120607$lUSA01$h1248 979 $aINGENITO$b90$c20120607$lUSA01$h1251 979 $aINGENITO$b90$c20120607$lUSA01$h1336 996 $aCannocchiale aristotelico o sia idea dell'arguta, et ingegnosa elocutione, che serve a tutta l'Arte Oratoria, Lapidaria, et Simbolica esaminata co' principi del divino Aristotele. Settima impressione accresciuta dall'Autore di due nuovi trattati ..$9959482 997 $aUNISA